Sports Quiz

Random Sports or MLB Quiz
Score 0/50 Timer 10:00
0 Plays Today
WAR Player % Correct
67.0John Smoltz
98.6%
66.0Greg Maddux
98.6%
58.7Tom Glavine
98.6%
92.0Warren Spahn
90.1%
90.0Phil Niekro
89.4%
24.4Tim Hudson
76.1%
13.5Steve Avery
69.7%
13.2Kevin Millwood
62.7%
9.7Craig Kimbrel
53.5%
21.3Johnny Sain
52.8%
19.0Bob Smith
44.4%
108.5Kid Nichols
43.7%
8.9Ken Johnson
41.5%
26.2Lew Burdette
38.7%
10.7Jair Jurrjens
34.5%
9.5Gene Garber
29.6%
10.3Irv Young
28.9%
16.8Rick Mahler
27.5%
11.3Steve Bedrosian
19.7%
9.5Kris Medlen
19%
13.4Rick Camp
18.3%
9.7Charlie Leibrandt
16.2%
42.7John Clarkson
14.1%
15.1Carl Morton
13.4%
19.6Bob Buhl
12.7%
WAR Player % Correct
11.2Ron Reed
12%
13.8Pat Jarvis
10.6%
46.2Vic Willis
9.9%
41.2Tommy Bond
9.9%
12.7Old Hoss Radbourn
7%
23.3Dick Rudolph
5.6%
12.4Lefty Tyler
5.6%
33.5Jim Whitney
4.9%
23.8Charlie Buffinton
4.9%
22.3Jack Stivetts
4.9%
15.8Ted Lewis
4.9%
12.6Jesse Barnes
4.9%
19.1Ed Brandt
4.2%
17.9Togie Pittinger
4.2%
16.0Jim Tobin
4.2%
14.1Harry Staley
4.2%
10.3Art Nehf
4.2%
10.3Tom Zachary
4.2%
8.8Tom Hughes
4.2%
13.2Vern Bickford
3.5%
12.6Bill Dinneen
3.5%
9.1Johnny Cooney
3.5%
13.6Ben Cantwell
2.8%
11.9Danny MacFayden
2.8%
10.8Nate Andrews
2.8%
Remove Ads.
Support Sporcle.
Get the best of Sporcle when you Go Orange. This ad-free experience offers more features, more stats, and more fun while also helping to support Sporcle. Thank you for becoming a member.

You're not logged in!

Compare scores with friends on all Sporcle quizzes.
OR
Log In

Show Comments

Extras

Top Quizzes Today


Score Distribution

Your Account Isn't Verified!

In order to create a playlist on Sporcle, you need to verify the email address you used during registration. Go to your Sporcle Settings to finish the process.

Report this User

Report this user for behavior that violates our Community Guidelines.

Details: